| 000 | 00823nam a22002657a 4500 | ||
|---|---|---|---|
| 001 | 7777 | ||
| 003 | FISKH | ||
| 005 | 20250806080539.0 | ||
| 008 | 250806b cb ||||| |||| 00| 0 eng d | ||
| 020 | _a9780688162610 | ||
| 040 |
_aFISKH _beng _cFISKH _dFISKH |
||
| 050 | _aPZ7.H3464 W | ||
| 082 | _a813.54 | ||
| 100 | _aHearne, Betsy | ||
| 245 |
_aWho's in the hall? : _bA mystery in four chapters / |
||
| 260 |
_aHong Kong : _bHarper Children, _c2000. |
||
| 300 |
_a32 pages : _bcolor illustrations ; _c26 cm |
||
| 505 | _aJ | ||
| 520 | _aThree children, two babysitters, two dogs, a rat, and a janitor finally get together and put an end to some confusion. | ||
| 521 | 8 |
_a500
_bLexile |
|
| 521 | 8 |
_aJ
_bRaz-Plus |
|
| 650 |
_aMystery _vNon-fFiction _xPetCare |
||
| 942 |
_2ddc _cBK _n0 |
||
| 999 |
_c7777 _d7777 |
||